LDR 01291naa#a2200217#i#450# 001 RU\RIOR\bibl\125884 005 20260701183703.3 011 ## _a2308-0191 100 ## _a20260629b2026####ek#y0rusy0150####ca 102 ## _aRU 200 1# _aСистематизация и оценка полноты исходных данных в управлении жизненным циклом объекта капитального строительства _eЖурнальная статья 210 1# _aМосква _cООО "Издательский Центр РИОР" _d2026 215 ## _a0 с. 608 ## _aЖурнальная статья _2local 675 ## _aПовреждения. Обвалы. Разрушения. Ремонт. Усиление. Передвижка. Снос. Реконструкция. Уход за сооружениями. 69.059 _aПрикладные информационные (компьютерные) технологии. 004.9 _z 700 #1 _aГерц _gВладимир Андреевич 700 #1 _aКиевский _gИлья Леонидович 700 #1 _aЖелезнов _gМаксим Максимович 700 #1 _aШестопалова _gЕлена Романовна 700 #1 _aАйдаров _gБорис Астанович 856 4# _azh-szf.ru _u